000 01087nam a2200349 b 4500
001 11717
003 DO-SdBNP
005 20171116122121.0
007 11717
008 991220s1999 sp | ||| ||spa
016 7 _2BPMSU
020 _a8481301701
040 _aBPMSU
_bspa
_cBPMSU
041 1 _aspa
082 _2
_a853
_bT665g
092 _a
100 1 _aTomasi Di Lampedusa, Giuseppe
_d1896-1957
240 1 3 _aIl gattopardo.
_lEspañol
245 1 3 _aEl gatopardo /
_cG. Tomasi di Lampedusa ; traducción de Ricardo Pochtar ; prólogo de Felipe Benítez Reyes
260 _aMadrid :
_bMilenium
_c1999
300 _a199 p.:
_c22 cm
490 _aMillenium. Las 100 joyas del milenio ;
_v55
650 _aNOVELA ITALIANA
650 _aLITERATURA ITALIANA
700 _aPochtar, Ricardo ,
_etr.
700 _aBenítez Reyes, Felipe ,
_epról.
830 _aMillenium.Las 100 joyas del milenio
_l55
942 _2ddc
_cBK
945 _aInventariado extranjero / 2017 VM
956 _aVMATEO
_210
_320151113
_6BPMSU
_800151
956 _aValidado. Control de calidad MFF
999 _c8707
_d8707